Очерк геологического строения полосы третичных отложений южной Абхазии (статья вторая); О возрасте и происхождении конгломератов мыса Пицунды (Абхазия)

Bibliografiske detaljer
Hovedforfatter: Ильин С. И.
Institution som forfatter: Нефтяной геологоразведочный институт
Andre forfattere: Эберзин А. Г.
Sprog:russisk
Udgivet: Москва, Главная редакция горно-топливной литературы, 1935
Copublished:А. Г. Эберзин. О возрасте и происхождении конгломератов мыса Пицунды (Абхазия)
Serier:Труды нефтяного геолого-разведочного института
Серия Б Вып. 54
Fag:
Format: MixedMaterials Bog
KOHA link:https://koha.lib.tpu.ru/cgi-bin/koha/opac-detail.pl?biblionumber=363015

MARC

LEADER 00000nam0a2200000 4500
001 363015
005 20231102011540.0
035 |a (RuTPU)RU\TPU\retro\20361 
035 |a RU\TPU\retro\20311 
090 |a 363015 
100 |a 20210910d1935 k y0rusy50 ca 
101 0 |a rus 
102 |a RU 
105 |a a z 001zy 
200 1 |a Очерк геологического строения полосы третичных отложений южной Абхазии (статья вторая)  |f С. И. Ильин, А. Г. Эберзин  |g Нефтяной геологоразведочный институт 
210 |a Москва  |a Ленинград  |c Главная редакция горно-топливной литературы  |d 1935 
215 |a 48 с.  |c ил. 
225 1 |a Труды нефтяного геолого-разведочного института 
225 1 |a Серия Б  |v Вып. 54 
320 |9 572  |a Библиогр.: с. 25 
423 |t О возрасте и происхождении конгломератов мыса Пицунды (Абхазия)  |f А. Г. Эберзин  |a Эберзин, А. Г. 
606 1 |a Геологические исследования  |2 stltpush  |3 (RuTPU)RU\TPU\subj\6042  |9 34006 
610 1 |a Абхазия 
610 1 |a тектоника 
610 1 |a нефтеносность 
610 1 |a третичные отложения 
675 |a 55  |v 4 
700 1 |a Ильин  |b С. И. 
701 1 |a Эберзин  |b А. Г. 
712 0 2 |a Нефтяной геологоразведочный институт  |c (Ленинград)  |c (1929-1945)  |2 stltpush  |3 (RuTPU)RU\TPU\col\23516  |9 28332 
801 1 |a RU  |b 63413507  |c 20210820 
801 2 |a RU  |b 63413507  |c 20210910  |g RCR 
942 |c BK